书目信息 |
| 题名: |
英语
|
|
| 作者: | 杨红英 主编 ;全国中级导游等级考试教材编写组 编 | |
| 分册: | ||
| 出版信息: | 北京 中国旅游出版社 2019.04 |
|
| 页数: | 331页 | |
| 开本: | 23cm | |
| 丛书名: | 全国中级导游等级考试教材 | |
| 单 册: | ||
| 中图分类: | F590.633 | |
| 科图分类: | ||
| 主题词: | 导游--dao you--英语--等级考试--教材 | |
| 电子资源: | ||
| ISBN: | 978-7-5032-6225-8 | |
| 000 | 01321nam 2200325 450 | |
| 001 | 0100010230 | |
| 005 | 20190905093951.0 | |
| 010 | @a978-7-5032-6225-8@dCNY40.00 | |
| 100 | @a20190901d2019 em y0chiy50 ea | |
| 101 | 0 | @achi@aeng |
| 102 | @aCN@b110000 | |
| 105 | @ay a 000yy | |
| 106 | @ar | |
| 200 | 1 | @a英语@Aying yu@d= English@f全国中级导游等级考试教材编写组编@zeng |
| 205 | @a第3版 | |
| 210 | @a北京@c中国旅游出版社@d2019.04 | |
| 215 | @a331页@d23cm | |
| 225 | 2 | @a全国中级导游等级考试教材@Aquan guo zhong ji dao you deng ji kao shi jiao cai |
| 300 | @a最新版 | |
| 314 | @a书内题: 杨红英主编 | |
| 320 | @a有书目 (第330-331页) | |
| 330 | @a《汉语言文学知识》此次修改了其中的错误。内容包括汉字文化导游知识、导游语言、华北地区旅游景点诗文、东北地区旅游景点诗文、华东地区旅游景点诗文、华中地区旅游景点诗文、华南地区旅游景点诗文、西南地区旅游景点诗文、西北地区旅游景点诗文、香港特区 澳门特区 台湾省旅游景点对联。 | |
| 410 | 0 | @12001 @a全国中级导游等级考试教材 |
| 510 | 1 | @aEnglish@zeng |
| 606 | 0 | @a导游@Adao you@x英语@x等级考试@j教材 |
| 690 | @aF590.633@v5 | |
| 701 | 0 | @a杨红英@Ayang hong ying@4主编 |
| 712 | 02 | @a全国中级导游等级考试教材编写组@Aquan guo zhong ji dao you deng ji kao shi jiao cai bian xie zu@4编 |
| 801 | 0 | @aCN@c20190905 |
| 905 | @a河南城建学院图书馆@dF590.633@eY198 | |
| 英语= English/全国中级导游等级考试教材编写组编.-第3版.-北京:中国旅游出版社,2019.04 |
| 331页;23cm.-(全国中级导游等级考试教材) |
| 最新版 |
| ISBN 978-7-5032-6225-8:CNY40.00 |
| 《汉语言文学知识》此次修改了其中的错误。内容包括汉字文化导游知识、导游语言、华北地区旅游景点诗文、东北地区旅游景点诗文、华东地区旅游景点诗文、华中地区旅游景点诗文、华南地区旅游景点诗文、西南地区旅游景点诗文、西北地区旅游景点诗文、香港特区 澳门特区 台湾省旅游景点对联。 |
| ● |
| 相关链接 |
|
|
|
正题名:英语
索取号:F590.633/Y198
 
预约/预借
| 序号 | 登录号 | 条形码 | 馆藏地/架位号 | 状态 | 备注 |
| 1 | 1437768 | 214377681 | 社科库409/409社科库 39排3列3层/ [索取号:F590.633/Y198] | 在馆 | |
| 2 | 1437769 | 214377690 | 社科库409/409社科库 39排3列3层/ [索取号:F590.633/Y198] | 在馆 |